Fr. Conceicao Rodrigues College of Engineering

Electronic Product Design (Record no. 24111)

MARC details
000 -LEADER
fixed length control field 00362nam a2200157Ia 4500
082 ## - DEWEY DECIMAL CLASSIFICATION NUMBER
Classification number 621.38132
Item number KAD
100 ## - MAIN ENTRY--PERSONAL NAME
Personal name Kaduskar/R.G/ Baru/V.B
245 ## - TITLE STATEMENT
Title Electronic Product Design
260 ## - PUBLICATION, DISTRIBUTION, ETC.
Name of publisher, distributor, etc. Wiley India
Date of publication, distribution, etc. 2010
366 ## - TRADE AVAILABILITY INFORMATION
Publishers's discount category 25
300 ## - PHYSICAL DESCRIPTION
Extent 394
546 ## - LANGUAGE NOTE
Language note ENGLISH
-- TTL
650 ## - SUBJECT ADDED ENTRY--TOPICAL TERM
Topical term or geographic name entry element Electronic Product design
654 ## - SUBJECT ADDED ENTRY--FACETED TOPICAL TERMS
Focus term product design
942 ## - ADDED ENTRY ELEMENTS (KOHA)
Koha item type BOOK
Holdings
Withdrawn status Lost status Damaged status Not for loan Collection Home library Current library Date acquired Source of acquisition Cost, normal purchase price Inventory number Total Checkouts Full call number Barcode Date last seen Cost, replacement price Price effective from Koha item type
        CRC Fr. Agnel's C.Rodrigues College of Engineering Fr. Agnel's C.Rodrigues College of Engineering 17/03/2023 Allied Publishers 261.75 3509 dt 02/02/2011   621.38132 KAD 21308 17/03/2023 349.00   BOOK
        CRC Fr. Agnel's C.Rodrigues College of Engineering Fr. Agnel's C.Rodrigues College of Engineering 17/03/2023 Allied Publishers 261.75 3509 dt 02/02/2011   621.38132 KAD 21309 17/03/2023 349.00   BOOK
        CRC Fr. Agnel's C.Rodrigues College of Engineering Fr. Agnel's C.Rodrigues College of Engineering 17/03/2023 Allied Publishers 261.75 3509 dt 02/02/2011   621.38132 KAD 21310 17/03/2023 349.00   BOOK